000 00714nam a22002177a 4500
999 _c12092
_d12092
003 AR-CdUCM
008 190405b ||||| |||| 00| 0 spa d
040 _aMUNICIPALIDAD PROVINCIAL DEL CUSCO
_cBIBLIOTECA MUNICIPAL DEL CUSCO
041 _hger
082 _a401 /
_bER67 / 1947
100 _aErfurt, Tomas de
_929778
245 _aGramática especulativa /
260 _aBuenos Aires :
_bLosada,
_c1947.
300 _a173 páginas ;
_c20 cm.
505 _aContenido: Estudio preliminar -- De los modos de significar o gramática especulativa.
650 _aLingüística
_91640
650 _aGramática
_99175
700 _aFarre, Luis (traductor)
_929779
942 _2ddc
_cLIBROS
945 _acmm
_d2019-04-05